| 000 | 00644nam a2200217 a 4500 | ||
|---|---|---|---|
| 005 | 20210219153243.0 | ||
| 008 | 991125n 000 0 eng u | ||
| 035 | _aUPN01000086088 | ||
| 100 | _aMiller, Timothy R. | ||
| 222 | _aJOURNAL OF EDUCATIONAL MEASUREMENT | ||
| 245 | _aLogistic discriminant function analysis for DIF identification of polytomously scored items | ||
| 300 | _a107-122 | ||
| 362 | _a1993 30, no. 2 | ||
| 653 | 0 | _aDIFERENCIAS SEXUALES | |
| 653 | 0 | _aPREJUICIAR LA INFORMACION | |
| 653 | 0 | _aPRUEBAS MATEMATICAS | |
| 653 | 0 | _aTEST ITEMS | |
| 700 | _aSpray, Judith A. | ||
| 904 |
_aAC _b023899 |
||
| 905 | _aArticulo | ||
| 999 |
_c72151 _d72151 |
||